00311nam a2200109 450000500170000002000180001708200200003508400250005524500600008026000510014030000100019120260506120505.0 a9781647403768 a636.0852bMIT.R 2Colon Classification aRecent advances in animal nutrition /cMitchell, Jasper aNew York :bSyrawood publishing house ,c2023. a237p.